| 000 | 00967nam a2200313 a 4500 | ||
|---|---|---|---|
| 003 | AR-BaBNM | ||
| 005 | 20251128203651.0 | ||
| 008 | 082120s2002 ||||||||||||||000 | spa|| | ||
| 040 | _cAR-BaBNM | ||
| 100 | 1 | _aMedina, Francisco A. | |
| 245 | 0 | 0 | _aGeología de las inmediaciones del refugio Ameghino [64to. 26'S, 58vo. 59'W] Tierra de San Martín-Península Antártica |
| 260 |
_aBuenos Aires _bDirección Nacional del Antártico _c1983 |
||
| 300 |
_a14 p. _bil., láms., gráfs. |
||
| 490 | 0 |
_aInstituto Antártico Argentino _vv. 229 |
|
| 504 | _aBibliografía p. 8 | ||
| 650 | 4 | _aREGIONES POLARES | |
| 650 | 4 | _aZONAS CLIMATICAS | |
| 650 | 4 | _aOCEANOGRAFIA | |
| 650 | 4 | _aEXPEDICIONES CIENTIFICAS | |
| 650 | 4 | _aEXPLORACION OCEANICA | |
| 650 | 4 | _aINVESTIGACION CIENTIFICA | |
| 650 | 4 | _aEXPLORACION DE RECURSOS | |
| 650 | 4 | _aGEOLOGIA | |
| 650 | 4 | _aMETODOS | |
| 651 | 4 | _aAntártida | |
| 700 | 1 | _aRamos, Adriana M. | |
| 942 | _cBK | ||
| 998 | _cmariana | ||
| 999 |
_c4402 _d4402 |
||